000 00190 a2200097 4500
001 31362
100 _aAli
245 _aLearn to live
260 _akarachi
_b
_c1999
090 _c21254
_d21254
942 _aNUST-CAE
_cM
_c12508
999 _c266435
_d266435